00153 a2200073 45000010005000001000014000052450040000192600020000595699 aKarman,TV aMathematical methods in engineering abMcGraw Hillc